Statistiques concernant Sons de l'album Akimbo (Ziak)

Cliquez ici pour prendre le quiz!

Statistiques générales

  • Ce quiz a été pris 86 fois
  • Le résultat moyen est 10 sur 19

Statistiques - réponses

Musique% Correct
3.Akimbo
98%
17.Fixette
78%
4.Galerie
74%
9.Shonen
66%
1.Parasite
60%
5.Espace
55%
11.Badman Trip
53%
12.Coffre
53%
16.Prière
53%
6.Vrai / Faux
52%
14.Lauiss
48%
13.Lloret de Mar
47%
10.S.P.S
47%
7.Gros lot
45%
15.Le pacte
45%
19.You know
41%
18.Dans les règles
40%
2.La zalousie (Interlude)
29%
8.Rhum et Machette (feat. Maes)
12%

Distribution des résultats

Percentile par nombre de réponses

% des personnes avec chaque résultat

Votre développement - résultats

Vous n’avez pas pris ce quiz